|
|
|
|
| LEADER |
00000nam a2200000 4500 |
| 005 |
20231114222950.0 |
| 008 |
231114b |||||||| |||| 00| 0 eng d |
| 020 |
|
|
|a 1409212904
|
| 040 |
|
|
|c C
|
| 100 |
|
|
|a Izzo, Mirella
|
| 245 |
|
|
|a Perpetue rifrazioni
|
| 260 |
|
|
|b Lulu.com
|c 2007
|
| 942 |
|
|
|2 ddc
|c BK
|n 0
|
| 952 |
|
|
|0 0
|1 0
|2 ddc
|4 0
|6 851_000000000000000_IZZ_PER
|7 1
|9 225
|a GE
|b GE
|d 2015-12-09
|l 0
|o 851 IZZ PER
|p 2831
|r 2023-11-14 22:30:22
|w 2023-11-14
|y BK
|
| 952 |
|
|
|0 0
|1 0
|2 ddc
|4 0
|6 851_000000000000000_IZZ_PER
|7 1
|9 226
|a GE
|b GE
|d 2015-12-09
|l 0
|o 851 IZZ PER
|p 2832
|r 2023-11-14 22:30:55
|w 2023-11-14
|y BK
|
| 952 |
|
|
|0 0
|1 0
|2 ddc
|4 0
|6 851_000000000000000_IZZ_PER
|7 1
|9 227
|a GE
|b GE
|d 2015-12-09
|l 0
|o 851 IZZ PER
|p 2833
|r 2023-11-14 22:31:05
|w 2023-11-14
|y BK
|
| 952 |
|
|
|0 0
|1 0
|2 ddc
|4 0
|6 851_000000000000000_IZZ_PER
|7 1
|9 228
|a GE
|b GE
|d 2015-12-09
|l 0
|o 851 IZZ PER
|p 2834
|r 2023-11-14 22:31:16
|w 2023-11-14
|y BK
|
| 952 |
|
|
|0 0
|1 0
|2 ddc
|4 0
|6 851_000000000000000_IZZ_PER
|7 1
|9 229
|a GE
|b GE
|d 2015-12-09
|l 0
|o 851 IZZ PER
|p 2835
|r 2023-11-14 22:31:27
|w 2023-11-14
|y BK
|
| 999 |
|
|
|c 185
|d 185
|